|
|
|
|
| LEADER |
00000nam a2200000 a 4500 |
| 001 |
vtls001358004 |
| 003 |
SK-MaSNL |
| 005 |
20260301010556.0 |
| 008 |
240314s1968 xx 0 und |
| 035 |
|
|
|a SNK000311518
|
| 040 |
|
|
|a SNK
|b slo
|c SNK
|e AACR2
|
| 100 |
1 |
|
|a Dumitrescu, Vladimir
|4 aut
|9 292605
|
| 245 |
1 |
0 |
|a L'art néolitique en Roumanie
|
| 260 |
|
|
|a Bucarest
|b Meridiane
|c 1968
|
| 300 |
|
|
|a 116 s., 113 fotogr. príl.
|
| 958 |
|
|
|a OND
|
| 999 |
|
|
|c 548521
|d 550451
|
| 952 |
|
|
|t P60, <04>, [BOOK], {604}
|a SNK
|b SNK
|y VYP
|7 0
|p 17A0187145
|o snkIC 44370
|0 0
|1 0
|4 0
|d 1999-03-23
|l 0
|r 2005-01-02 00:00:00
|w 2026-02-23
|